000 00440nam a2200181Ia 4500
001 1806
005 20260306143755.0
008 260306t2018||||xx |||||||||||||| ||spa||
041 _aESP
082 _a155.418
_bV45
100 _aVenegas Rubiales, Manuel
_eAUT
245 0 _aEl juego infantil y su metodologĂ­a
260 _c2018
300 _aiv, 555 páginas :
_c24 cm.
650 _aGEN
654 _aCPS
942 _cLIB
_dJUS
_fJUS
_2ddc
_n
999 _c1806
_d1806